| 000 | 00508pab a2200169 454500 | ||
|---|---|---|---|
| 008 | 180718b2005 xxu||||| |||| 00| 0 eng d | ||
| 100 | _aDeb, Sibnath | ||
| 245 | _aChild abuse and neglect in a metropolitan city: a qualitative study of migrant child labour in South Kolkata | ||
| 260 | _c2005 | ||
| 300 | _ap.56-67. | ||
| 362 | _aSep | ||
| 650 | _aChild labour - India - West Bengal | ||
| 650 | _aChild abuse - India - West Bengal | ||
| 650 | _aChild abuse | ||
| 773 | _aSocial Change | ||
| 909 | _a68345 | ||
| 999 |
_c68345 _d68345 |
||